Raththa Alutha Thirikku Iyarkai Maruthuvam (Record no. 220815)

MARC details
000 -LEADER
fixed length control field 00449nam a2200181Ia 4500
008 - FIXED-LENGTH DATA ELEMENTS--GENERAL INFORMATION
fixed length control field 240823s9999||||xx |||||||||||||| ||und||
082 ## - DEWEY DECIMAL CLASSIFICATION NUMBER
-- 610 N3
100 ## - MAIN ENTRY--PERSONAL NAME
Personal name Tharmasanth Saraavagi
245 #0 - TITLE STATEMENT
Title Raththa Alutha Thirikku Iyarkai Maruthuvam
250 ## - EDITION STATEMENT
Edition statement 4th
260 ## - PUBLICATION, DISTRIBUTION, ETC. (IMPRINT)
Date of publication, distribution, etc 1993
Name of publisher, distributor, etc Tamil Nadu Nature Cure Associ
500 ## - GENERAL NOTE
General note DISPLAY
650 ## - SUBJECT ADDED ENTRY--TOPICAL TERM
Topical term or geographic name as entry element Medicine
942 ## - ADDED ENTRY ELEMENTS (KOHA)
Item type Books
Holdings
Withdrawn status Lost status Damaged status Permanent location Current location Shelving location Date acquired Source of acquisition Cost, normal purchase price Full call number Barcode Date last seen Koha item type
      CENTRAL LIBRARY, NOORUL ISLAM CENTRE FOR HIGHER EDUCATION CENTRAL LIBRARY, NOORUL ISLAM CENTRE FOR HIGHER EDUCATION   01/08/2015 Higginbothams Private Ltd 10.00 610 N3 69995 08/23/2024 Books
Visitors:
Copyright © 2024 Central Library NICHE.  All rights reserved.